000 01265ntaaa2200349 4500
003 01
005 20251027203210.0
008 0714s1973 ag 01
020 _a9501261026
040 _aAR-BaBN
_bspa
_cAR-BaBN
_eaacr
_dRIC
082 _a371 So4
245 _aLa escuela, una utopía cotidiana /
_ccompilado por Hebe Solves, Marta Marucco, Zulita B. de Irurzun
250 _a2da.
260 _aBuenos Aires :
_bPaidós,
_c1994
300 _a179 p.
490 _aCuestiones de Educación
505 _tRecorriendo la escuela /
_rMarucco, Marta
505 _tLibros, medios, tecnología y cultura escolar /
_rSolves, Hebe
505 _tLa huerta en la escuela /
_rB. de Irurzun, Zulita
505 _tRonda de intercambio, asamblea y consejo de escuela. ¿Se enseña a participar? /
_rVolponi de Chamorro, María I.
505 _tEducación popular: una encrucijada cultural /
_rQuiroga, Jorge
650 _aESCUELA
_933199
650 _aEDUCACION
659 _aEDUCACION
700 _aSolves, Hebe
_ecompilador
_933727
700 _aMarucco, Marta
_933728
700 _aB. de Irurzun, Zulita
_933729
700 _aVolponi de Chamorro, María I.
_933730
700 _aGolzman, Guillermo
_933731
700 _aQuiroga, Jorge
_933732
942 _cBK
999 _c27431
_d27431